| 000 | 00933cab a2200241 4500 | ||
|---|---|---|---|
| 001 | ##L131295 | ||
| 008 | 040302n2005 000 0 eng u | ||
| 035 | _a(Sirsi) u131295 | ||
| 041 | 0 | _aeng | |
| 100 | 1 | _aBrown, Simon | |
| 245 | 0 | 0 |
_aSeeing the wood for the trees _b"Loftus-Brigham" and apportionment of damage |
| 260 | _c2005 | ||
| 490 | 0 | 0 |
_aConstruction Law Journal _v21(6) 2005, 431-434(4) |
| 520 | _aReviews the judgment in "Loftus-Brigham and another v Ealing LBC" [2003] EWCA Civ 1490, Abs67552) concluding that the claimant must prove that the damage was caused by the defendant. | ||
| 590 | _aIKA251005 | ||
| 650 | 2 | 4 | _aLOFTUS-BRIGHAM AND ANOTHER V EALING LBC |
| 650 | 2 | 4 | _aBONNINGTON CASTINGS LTD V WARDLAW |
| 650 | 2 | 4 | _aMCGHEE V NATIONAL COAL BOARD |
| 650 | 2 | 4 | _aFAIRCHILD V GLENHAVEN FUNERAL SERVICES LTD AND OTHERS |
| 651 | 4 |
_aEngland and Wales _y1543- |
|
| 690 |
_aBlock management _96220 |
||
| 942 | _n0 | ||
| 999 |
_c76027 _d76027 |
||